| 000 | 00941 a2200205 4500 | ||
|---|---|---|---|
| 020 | _a0849314992 | ||
| 040 |
_aDLC _bDLC |
||
| 082 | _a005.133 | ||
| 100 | 1 | _aKann, Charles W. | |
| 245 | 1 | 0 |
_aCreating components object oriented concurrent & distributed computing in java _bobject oriented, concurrent, and distributed computing in Java _cCharles W. Kann. |
| 260 |
_aBoca Raton, FL : _bAuerbach, _cc2004. |
||
| 300 |
_axvii, 430 p. : _bill. ; _c26 cm. |
||
| 538 | _aMode of access: World Wide Web. | ||
| 538 | _aSystem requirements : Internet connectivity, World Wide Web browser, Adobe Acrobat reader required to view and print file. | ||
| 650 | 0 | _aParallel programming (Computer science) | |
| 650 | 0 | _aObject-oriented programming (Computer science) | |
| 650 | 0 | _aJava (Computer program language) | |
| 856 | 4 | 0 | _uhttp://libproxy1.nus.edu.sg/login?url=http://www.itknowledgebase.net/books/1335/au1499_fm.pdf |
| 942 |
_cBK _k005.133 KAN _2ddc |
||
| 999 |
_c5944 _d5944 |
||